000 00786cab a2200181 4500
001 L130867
008 050908n2005 000 0 eng u
035 _a(Sirsi) u130867
041 0 _aeng
100 1 _aBlamey, Melissa
245 0 _aEveryone's a winner
260 _c2005
490 0 _aHouse Builder
_v64(8) September 2005, 51-52(2)
520 _aReports on the 2005 Housing Design Awards which had the theme of building a sense of community into new housing schemes. The quality of entries was so high that the judges chose to recognise every shortlisted scheme with awards accreditation. Describes the completed scheme award winners and the project award winners.
590 _aIKA130905
690 _aBUILT ENVIRONMENT-CONSTRUCTION DESIGN-ARCHITECTURAL DESIGN
942 _n0
999 _c75851
_d75851